Monte Carlo simulačná štúdia pre metódu ANOVA v systéme SAS

Vymedzenie kvantitatívnych modelov. Charakteristika simulácie. Parametrické a neparametrické metódy v štatistickej teórii. Podstata simulačnej metódy Monte Carlo.

Na minha lista:
Detalhes bibliográficos
Autor principal: Bohdalová, Mária
Formato: Capítulo de Livro
Idioma:eslovaco
Assuntos:
Tags: Adicionar Tag
Sem tags, seja o primeiro a adicionar uma tag!

MARC

LEADER 00000naa$a2200000$$$4500
001 0039789
005 20220715093749.7
041 0 |a slo 
044 |a SK 
245 1 0 |a Monte Carlo simulačná štúdia pre metódu ANOVA v systéme SAS  |c Mária Bohdalová 
520 |a Vymedzenie kvantitatívnych modelov. Charakteristika simulácie. Parametrické a neparametrické metódy v štatistickej teórii. Podstata simulačnej metódy Monte Carlo. 
610 2 0 |a simulácia 
610 2 0 |a metóda Monte Carlo 
610 2 0 |a modely matematické 
610 2 0 |a modely simulačné 
610 2 0 |a teória štatistiky 
610 2 0 |a odhady 
610 2 0 |a metódy simulačné 
100 1 |a Bohdalová, Mária